00824nam a22002057a 450000500170000001000150001702000270003203500140005903700090007308200140008210000230009624500920011926001010021127000700031230000340038270000270041694200250044399900190046895201310048720240718143437.0 aENG-140888 a9789394915381c1680.00 aEN-124420 bDBAD a355.0721 aShivane, AB96854400aProfessional Military Education: bMaking of The 21st Century Warrior/cBy AB Shivane,  aNew DelhibKW Publishers KW Publishers in association with Centre for Land Warfare Studiesc2023 a4676/21, First Floor, Ansari Road, Daryaganj, bNew Delhie110002 axxviii,225p.c24cm(Hb)bIndex aKanwal, Gurmeet968545 2ddccENmSHIh355.07 c204183d204183 001040708NFICaNRbNRd2024-07-18eDBADg1680.00l0oSHI 355.07pEN-124420r2024-07-18 00:00:00t1v1680.00w2024-07-18yEN